000 00674cam a2200193 a 4500
001 000007151
005 20200929154100.0
008 760120s1969 ve a b 001 0 spa
040 _aDO-SdBNP
_cAzU
_dDLC
082 _a928.87
_bR457R
100 1 _aRodulfo Cortes, Santos,
_d1924-
_919850
245 1 0 _aJ. F. Reyes Baena /
_cSantos Rodulfo Cortes.
260 _aCaracas, (Venezuela: :
_bEscuela de Biblioteconomía y Archivos ;
_bUniversidad Central de Venezuela,
_c1969.
300 _a99 p. :
_bil. ;
_c16 cm.
490 1 _aBibliográfica
_v9
600 1 0 _aREYES BAENA, JUAN FRANCISCO
_d1909-
_919851
830 0 _aBibliográfica
_v9
_9112
910 _aCatalogación por copia / LC
999 _c6932
_d6932